| Tag |
First Indicator |
Second Indicator |
Subfields |
| LEADER |
00000cam a22000001i 4500 |
| 001 |
in00002784380 |
| 005 |
20200725064622.0 |
| 008 |
780317s1959 dcuabd b f000 0 eng |
| 010 |
|
|
|a gs 59000174
|
| 035 |
|
|
|a (OCoLC)ocm03727007
|
| 035 |
|
|
|a (OCoLC)3727007
|
| 040 |
|
|
|a DLC
|c CSU
|d DLC
|d OCLCQ
|d BTCTA
|d OCLCG
|d UtOrBLW
|
| 043 |
|
|
|a n-us-mt
|
| 049 |
|
|
|a TXAM
|
| 050 |
0 |
0 |
|a QE75
|b .P9 no. 296
|
| 082 |
0 |
|
|a 557.868
|
| 086 |
0 |
|
|a I 19.16:296
|
| 100 |
1 |
|
|a Ross, Clyde P.
|q (Clyde Polhemus),
|d 1891-1965.
|
| 245 |
1 |
0 |
|a Geology of Glacier National Park and the Flathead region, northwestern Montana.
|
| 264 |
|
1 |
|a Washington :
|b U.S. Govt. Print. Off,
|c 1959.
|
| 300 |
|
|
|a iv, 125 pages :
|b illustrations, maps (some color) diagrams, tables ;
|c 30 cm.
|
| 336 |
|
|
|a text
|b txt
|2 rdacontent
|
| 337 |
|
|
|a unmediated
|b n
|2 rdamedia
|
| 338 |
|
|
|a volume
|b nc
|2 rdacarrier
|
| 490 |
1 |
|
|a Geological Survey (U.S.). Professional paper ;
|v 296
|
| 500 |
|
|
|a Three colored maps and colored diagr. in pocket.
|
| 504 |
|
|
|a Includes bibliographical references (pages 118-121).
|
| 651 |
|
0 |
|a Glacier National Park (Mont.)
|
| 650 |
|
0 |
|a Geology
|z Montana
|z Flathead Region.
|
| 830 |
|
0 |
|a Professional paper (Geological Survey (U.S.)) ;
|v 296.
|
| 948 |
|
|
|a cataloged
|b h
|c 2012/12/17
|d c
|e mvaldespin
|f 09:58:21 am
|
| 994 |
|
|
|a C0
|b TXA
|
| 999 |
|
|
|a MARS
|
| 999 |
f |
f |
|s 94684691-6cb5-3cb1-b435-32baece2f0e1
|i 3e1258b2-5594-3eeb-ad68-bef72818cc5b
|t 0
|
| 952 |
f |
f |
|p normal
|a Texas A&M University
|b College Station
|c Sterling C. Evans Library
|d Evans: US Documents (Annex 5th floor)
|t 0
|e I 19.16:295-298
|h Superintendent of Documents classification
|i unmediated -- volume
|m A14837789014
|
| 952 |
f |
f |
|a Texas A&M University
|b College Station
|c Sterling C. Evans Library
|d Evans: US Documents (Annex 5th floor)
|t 0
|e I 19.16:295-298
|h Superintendent of Documents classification
|
| 998 |
f |
f |
|a I 19.16:295-298
|t 0
|l Evans: US Documents (Annex 5th floor)
|